Bringing up Vasu : (Record no. 39231)

MARC details
000 -LEADER
fixed length control field 00644nam a22001937a 4500
005 - DATE AND TIME OF LATEST TRANSACTION
control field 20100804135632.0
010 ## - LCCN (DPL NO)
LC control number ENG-98022
020 ## - INTERNATIONAL STANDARD BOOK NUMBER
International Standard Book Number 9789380032429
Terms of availability 250.00
035 ## - SYSTEM CONTROL NUMBER
System control number EN-81555
037 ## - SOURCE OF ACQUISITION
Source of stock number/acquisition DBAD/PUB
082 ## - DEWEY DECIMAL CLASSIFICATION NUMBER
Classification number N
100 ## - MAIN ENTRY--PERSONAL NAME
Personal name Sharma, Parul
245 ## - TITLE STATEMENT
Title Bringing up Vasu :
Remainder of title that first year
Statement of responsibility, etc by Parul Sharma
260 ## - PUBLICATION, DISTRIBUTION, ETC. (IMPRINT)
Place of publication, distribution, etc Chennai
Name of publisher, distributor, etc Westland Ltd
Date of publication, distribution, etc 2009
270 ## - ADDRESS
Address 571, Poonamallee High Road, Kamaraj Bhavan Aminijikarai
City Chennai
Postal code 600029
300 ## - PHYSICAL DESCRIPTION
Extent 262p.
Dimensions 19cm (pbk)
942 ## - ADDED ENTRY ELEMENTS (KOHA)
Source of classification or shelving scheme Dewey Decimal Classification
Item type English Books
Classification part N
Call number suffix SHA
Holdings
Withdrawn status Lost status Not for loan Collection code Home library Current library Date acquired Source of acquisition Cost, normal purchase price Full call number Barcode Copy number Cost, replacement price Koha item type
    Not For Loan Fiction D.B.Act.Division D.B.Act.Division 04/08/2010 DBAD/PUB 250.00 N SHA EN-81555 1 250.00 English Books

© Delhi Public Library
Hit Counter
free hit counter